Business mathematics
| Main Author: | |
|---|---|
| Format: | Book |
| Published: |
Boston :
Allyn and Bacon ,
c1982
|
| Subjects: |
MARC
| LEADER | 00000cam a2200000 7i4500 | ||
|---|---|---|---|
| 001 | 0000043313 | ||
| 005 | 20030810093000.0 | ||
| 008 | 030617s1982 | ||
| 020 | |a 020507622X | ||
| 090 | 0 | 0 | |a HF5691 |b .S49 |
| 100 | 0 | |a Smith, Karl J. , |e author | |
| 245 | 0 | 0 | |a Business mathematics |c Karl J. Smith |
| 260 | 2 | |a Boston : |b Allyn and Bacon , |c c1982 | |
| 300 | |a xiv, 559 p. : |b ill. ; |c 28 cm. | ||
| 504 | |a Includes index | ||
| 650 | 0 | |a Business mathematics | |
| 999 | |a 1000012527 |b Book |c OPEN SHELF (30 DAYS) |e Gong Badak Campus | ||